| 000 | 01853nam a2200409 c 4500 | ||
|---|---|---|---|
| 003 | BLK | ||
| 005 | 20240608164317.0 | ||
| 008 | 180409b bul|||||r ||||||| ||bul|| | ||
| 010 | _aKNG00139516000 | ||
| 020 |
_a978-954-8657-89-1 _bиздат.: Enthusiast |
||
| 040 | _aBLK | ||
| 041 |
_aBUL _cBUL |
||
| 072 | 7 |
_2bullib _aН85 _xДетска художествена литература Н |
|
| 080 |
_aАнглийска литература _b821.111 _x-93-31 _z821.111-93-31 |
||
| 100 | 1 |
_aГреъм, Кенет _eпърви автор _9378560 |
|
| 700 | 1 |
_aАтанасов, Богдан Боянов _eпрев. от англ. _9323990 |
|
| 700 | 1 |
_aАтанасова, Христина Василева _eпрев. от англ. _9256175 |
|
| 700 | 1 |
_aПаунов, Виктор Вертер _eхудож. _9371567 |
|
| 139 |
_aГреъм, Кенет _bГ 80 |
||
| 245 | 1 | 0 |
_aШумът на върбите _cКенет Греъм; прев. от англ. Богдан Боянов Атанасов; прев. от англ. Христина Василева Атанасова; худож. Виктор Вертер Паунов. |
| 250 | _a3. изд. | ||
| 257 | _aGBR | ||
| 260 |
_аСофия _bEnthusiast _c2011 _fСофия : Хеликс прес |
||
| 300 |
_a280 с. _bс ил. _c20 см |
||
| 380 | _aX | ||
| 500 | _a1. изд. 1981 на изд. Отечество в библ. Вълшебници. - Ориг. загл. The Wind in the Willows / Kenneth Grahame. | ||
| 653 | _aромани | ||
| 653 | _aлитература за деца | ||
| 653 | _aдетска литература | ||
| 659 | _aН | ||
| 852 | _aЦб 258304 | ||
| 856 | 4 |
_qpdf _u |
|
| 856 | 4 |
_qpdf _u |
|
| 942 |
_cKNG _n0 _03 |
||
| 944 |
_aCR _c14.02.2013 _lКръстинка Христова _k30539 |
||
| 944 |
_aED _c22.08.2014 _lф / _k |
||
| 999 |
_c133616 _d133616 |
||